Bob's Burgers Character Quotes - Statistics

General Stats
  • This quiz has been taken 91 times
  • The average score is 10 of 25
Answer Stats
Quote Character % Correct
"You're my children, and I love you, but you're all terrible." Bob
99%
"Don't feed a guy a sponge, Bobby!" Teddy
93%
"Summer is awful! There's too much pressure to enjoy yourself!" Gene
83%
"Don't tell me not to dance, dad!" Jimmy Junior
75%
"That sign says 'no running' and you're running your mouth!" Linda
69%
"Bob, I think my medium rare burger is turning into a well done situation." Mort
69%
"Guess who's on new meds?" Gayle
60%
"Grade A ground beef. Meaning we dropped it on the ground." Louise
60%
"I'd write about the guy who flies the helicopter on The Bachelor." Tina
45%
"You'll be out of business by then, Bob. Don't worry." Jimmy Pesto
43%
"Go back to your seat, Gene. And wipe that baby off your face." Mr. Frond
41%
"Who's breathing on my line?" Sergeant Bosco
33%
"Wait, A.I. like, 'as if'?" Jocelyn
32%
"All you're doing is making the shark more dangerous, Bob." Hugo
31%
"You two are making me feel smart." Zeke
29%
"It doesn't get hot, but the bubbles still work." Dr. Yap
23%
"You give me that toilet!" Max Flush
21%
"That is literally the stupidest thing anyone has ever said in the history of mankind ever." Tammy
20%
"Throw him in the shell pile!" Gretchen
16%
"I just was punched in the face. By your harsh words!" Randy
16%
"Dark, dirty water. Under a horrible bridge." Chuck
9%
"My pants are staying on." Mickey
9%
"Oh, well done! That's the money shot!" Mr. Fischoeder
8%
"We're all glued to a toilet called earth!" Speedo Guy
7%
"That's right, the hostage situation is moving... to Fish Rocket Burgers." Olson
4%
No matching quizzes found
Score Distribution
Percent of People with Each Score
Percentile by Number Answered
Your Score History
You have not taken this quiz